| 000 | 00593nam a2200205 a 4500 | ||
|---|---|---|---|
| 005 | 20240426063755.0 | ||
| 008 | 991125s1994 mx 000 0 spa u | ||
| 020 | _a9682447712 | ||
| 035 | _aUPN01000009018 | ||
| 049 | _aCG | ||
| 050 | 4 |
_aLB1055.5 _bM4.2 1994 |
|
| 100 | 1 |
_aMelgar de González, María _929285 |
|
| 245 | 1 | 0 |
_aCómo detectar al niño con problemas del habla / _cMaría Melgar de González. |
| 250 | _a4a ed. | ||
| 260 |
_aMéxico : _bTrillas, _c1994. |
||
| 300 |
_a86 p. : _bil. |
||
| 650 | 4 |
_aTrastornos del habla _96691 |
|
| 650 | 4 |
_aNiños _xLenguaje _95709 |
|
| 905 | _aLibro | ||
| 999 |
_c9018 _d9018 |
||